Instructissima bibliotheca manualis concionatoria in qua de virtutibus, vitiis sacramentis, novissimis aliisque tractari solitis...

Detalles Bibliográficos
Autor principal: LOHNER, Tobías
Formato: Libro
Publicado: 1722
Materias:
Colección:Banco de datos
Acervo:Biblioteca del Museo Regional de Querétaro. INAH. Querétaro
Tema general:Teología
Notas:Regular. 3A8, 4.
LEADER 00730nam a22001930004500
035 |a 23293 
036 |a 1778 
100 1 |a LOHNER, Tobías 
245 1 0 |a Instructissima bibliotheca manualis concionatoria in qua de virtutibus, vitiis sacramentis, novissimis aliisque tractari solitis... 
260 |b Hertzianis imp.  |c 1722 
500 |a Regular. 3A8, 4. 
650 1 0 |a Teología 
949 |a C.R.Q. 
959 |a Ex convento Grande de San Francisco de la ciudad de Querétaro, Museo Regional de Querétaro  |b CCC2 
960 |a Convento Grande de San Francisco de la ciudad de Querétaro  |b DD68 
961 |a Franciscana  |b OF 
942 |c C.R.Q. 
943 |g Biblioteca del Museo Regional de Querétaro. INAH. Querétaro 
999 |c 979609  |d 979609